Kvalita života v Norsku
Kvalita života a stručné vymedzenie tohto pojmu. Osobný pohľad autorky na kvalitu života v Nórsku, po troch rokoch jej pôsobenia v tejto krajine. Zdravotníctvo, školstvo, miestne kultúrne zvyky a odlišnosti.
Uložené v:
| Hlavný autor: | |
|---|---|
| Médium: | Kapitola |
| Jazyk: | Czech |
| Predmet: | |
| Tagy: |
Žiadne tagy, Buďte prvý, kto otaguje tento záznam!
|
MARC
| LEADER | 00000naa a2200000 4500 | ||
|---|---|---|---|
| 001 | 0200547 | ||
| 005 | 20231012072801.9 | ||
| 041 | 0 | |a cze | |
| 044 | |a SK | ||
| 245 | 1 | 0 | |a Kvalita života v Norsku |c Martina Ortová |
| 520 | |a Kvalita života a stručné vymedzenie tohto pojmu. Osobný pohľad autorky na kvalitu života v Nórsku, po troch rokoch jej pôsobenia v tejto krajine. Zdravotníctvo, školstvo, miestne kultúrne zvyky a odlišnosti. | ||
| 610 | 2 | 0 | |a Nórsko |
| 610 | 2 | 0 | |a kvalita života |
| 610 | 2 | 0 | |a podmienky sociálne |
| 610 | 2 | 0 | |a podmienky životné |
| 610 | 2 | 0 | |a úroveň životná |
| 610 | 2 | 0 | |a zdravotníctvo |
| 610 | 2 | 0 | |a školstvo |
| 610 | 2 | 0 | |a kultúra |
| 100 | 1 | |a Ortová, Martina | |